| 000 -LEADER |
| fixed length control field |
00315nam a2200121Ia 4500 |
| 008 - FIXED-LENGTH DATA ELEMENTS--GENERAL INFORMATION |
| fixed length control field |
200103s9999||||xx |||||||||||||| ||und|| |
| 082 ## - DEWEY DECIMAL CLASSIFICATION NUMBER |
| Classification number |
Column-12 |
| 100 ## - MAIN ENTRY--PERSONAL NAME |
| Personal name |
Callendar, G.S. and Egerton, A.C. |
| 245 #4 - TITLE STATEMENT |
| Title |
The 1939 Callendar Steam Tables |
| 260 ## - PUBLICATION, DISTRIBUTION, ETC. (IMPRINT) |
| Name of publisher, distributor, etc |
Edward Arnold & Co. |
| Date of publication, distribution, etc |
1949 |
| 942 ## - ADDED ENTRY ELEMENTS (KOHA) |
| Item type |
Books |